Visualizzazione normale
Vista MARC
- Bianchi
di Personal Name
Records bibliografici associati: 2
001 - CONTROL NUMBER
- control field: 57019
003 - CONTROL NUMBER IDENTIFIER
- control field:
005 - DATE AND TIME OF LATEST TRANSACTION
- control field: 20180506122411.0
008 - FIXED-LENGTH DATA ELEMENTS
- fixed length control field: 180506|| aca||aabn | a|a d
040 ## - CATALOGING SOURCE
- Original cataloging agency:
- Transcribing agency:
100 ## - HEADING--PERSONAL NAME
- Personal name: Bianchi
- Numeration: , Enzo
- Date of a work: <1943- >
670 ## - SOURCE DATA FOUND
- Source citation: Work cat.: ()0: 20160314d2016 ||||0itac50 ba 57018, L'amore scandaloso di Dio